000 00585cam a22002171 4500
001 he 66001593
003 DLC
005 20260227111441.0
008 840227s1964 is 000 0 heb
010 _ahe 66001593
035 _a(OCoLC)19179258
040 _aDLC
_cMH
_dDLC
042 _apremarc
050 0 0 _aCT1919.P3
_bE38
245 0 0 _aNisim Elʻazar :
_bbe-yom ha-sheloshim le-moto.
260 _aʻEvron :
_b[s.n.]
_c[1964]
300 _a31 p. :
_bill., port. ;
_c25 cm.
600 1 0 _aElʻazar, Nisim,
_d1920-1964.
710 1 _aʻEvron (Israel)
752 _aIsrael
_dʻEvron
999 _c31936
_d31936